000 00752nam a2200265Ia 4500
001 dia_5274
003 CHAP
005 20240124124502.0
008 220117s2006 xx 000 0 und d
010 _a176183
020 _a978-950-24-0884-2 \ 950-24-0884-5
040 _cCHAP
082 _a664.153 A75 2006
100 _aAristizábal, Delfina
_9153748
245 _aSecretos de los dulces caseros /
_c Delfina Aristizábal
260 _aArgentina :
_b Albatros,
_c2006
300 _a125 p.
590 _aTX783 A75 2006
650 _aConfectionery
_9158067
650 _aConfitería
_926640
901 _a664.153 A75 2006
902 _aM
905 _a5232272006 ag a 8222113312spa16
942 _cLIBRO
_2ddc
999 _c176183
_d176183